000 01104nam a22003137a 4500
003 CHAP
005 20220329140009.0
008 971013s1979 r 00010 d
010 _a45245
011 _a46217
035 _a50358
040 _cCHAP
082 _a301.444
_bUn3
110 _aUniversidad Nacional Heredia. Escuela de Planificación y Promoción Social
_9116573
245 1 _aEvaluación del proyecto de extensión universitaria a las empresas comunitarias campesinas de Costa Rica
_b: sexto informe, 1977-78
260 _aHeredia :
_bLa Escuela,
_c1979
300 _a130 p.
590 _aBATCH-UPD
_b10
_c20130110
_lUCH01
_h1257
590 _aBATCH-UPD
_b10
_c20130410
_lUCH01
_h0816
590 _aBATCH-UPD
_b10
_c20130914
_lUCH01
_h0827
590 _aCONVERSION
_b10
_c20130109
_lUCH01
_h1325
650 1 4 _aCampesinado
_xCosta Rica.
_918007
650 1 4 _aCapacitación.
_918690
650 1 4 _aExtensión universitaria.
_939208
650 1 4 _aProyectos
_xEvaluación.
_992525
901 _aBK
942 _cLIBRO
949 _a301.444 Un3
_bBC
_cLIBRO
_d33724000284436
_eLIBRO
_h73395
_i50358
_mD
_si
999 _c45245
_d45245